LIBRARY & INFORMATION CENTRE, KCAET, TAVANUR

ONLINE PUBLIC ACCESS CATALOGUE (OPAC)

Alternatives to pesticides in tropical countries / (Record no. 2816)

MARC details
000 -LEADER
fixed length control field 00440cam a2200169ua 4500
020 ## - INTERNATIONAL STANDARD BOOK NUMBER
ISBN 81 7480 047 6
041 ## - LANGUAGE CODE
Language code of text/sound track or separate title eng
082 ## - DEWEY DECIMAL CLASSIFICATION NUMBER
Classification number 632.95
Item number DUD/AI
100 ## - MAIN ENTRY--AUTHOR NAME
Personal name Dudani, A T .
245 ## - TITLE STATEMENT
Title Alternatives to pesticides in tropical countries /
260 ## - PUBLICATION, DISTRIBUTION, ETC. (IMPRINT)
Place of publication :
Name of publisher Vigyan prasar ,
Year of publication 1999.
300 ## - PHYSICAL DESCRIPTION
Number of Pages 360 ; .
942 ## - ADDED ENTRY ELEMENTS (KOHA)
Koha item type Books
Holdings
Withdrawn status Lost status Damaged status Home library Current library Date acquired Full call number Accession Number Koha item type
      KAUAET KAUAET 07/04/2012 632.95 20233 Books
free website counter